Library Banner

Business statistics: (Record no. 15398)

MARC details
000 -LEADER
fixed length control field 00359nam a2200145Ia 4500
001 - CONTROL NUMBER
control field 14831
008 - FIXED-LENGTH DATA ELEMENTS--GENERAL INFORMATION
fixed length control field 140403s9999 xx 000 0 und d
040 ## - CATALOGING SOURCE
Transcribing agency PK-LaUMT
082 ## - DEWEY DECIMAL CLASSIFICATION NUMBER
Classification number 519.5076
Item number CAE-
245 ## - TITLE STATEMENT
Title Business statistics:
Remainder of title CA exams study text : Foundation exmination-1 paper 2.2
260 ## - PUBLICATION, DISTRIBUTION, ETC. (IMPRINT)
Date of publication, distribution, etc 1996
300 ## - PHYSICAL DESCRIPTION
Extent 317 p.
546 ## - LANGUAGE NOTE
Language note EN
942 ## - ADDED ENTRY ELEMENTS (KOHA)
Koha item type Books
Holdings
Withdrawn status Lost status Damaged status Not for loan Home library Current library Date acquired Total Checkouts Full call number Barcode Date last seen Price effective from Koha item type
        UMT Main Campus UMT Main Campus 2014-04-03   519.5076 CAE- 17005 2014-04-22 2014-04-22 Books